MARC

LEADER 00000nam0a2200000 4500
001 248660
005 20231101232417.0
010 |a 5020164496 
020 |a RU  |b 89-57085 
035 |a (RuTPU)RU\TPU\book\270525 
090 |a 248660 
100 |a 20140124d1989 k y0rusy5003 ca 
101 0 |a rus 
102 |a RU 
105 |a y z 001zy 
200 1 |a Герат в XVI-XVIII веках  |f Н. Н. Туманович  |g Академия наук СССР, Институт востоковедения 
210 |a Москва  |c Наука  |d 1989 
215 |a 286,[1] с.  |d 22 см 
320 |a Библиогр.: с. 265-274 (255 назв.). 
320 |a Указ. имен и геогр. назв.: с. 276-285. 
606 1 |a Афганистан  |x История  |2 stltpush  |3 (RuTPU)RU\TPU\subj\68991  |9 84031 
610 1 |a города 
610 1 |a 16 век 
610 1 |a 17 век 
610 1 |a Герат 
610 1 |a социально-экономическая жизнь 
610 1 |a политическая история 
686 |a Т3(5Афг)  |2 rubbk 
700 1 |a Туманович  |b Н. Н.  |g Наталия Николаевна  |4 070 
712 0 2 |a Академия наук СССР (АН СССР)  |b Институт востоковедения (ИВ)  |c (Москва)  |2 stltpush  |3 (RuTPU)RU\TPU\col\11263 
801 0 |a RU  |b RuMRKP  |c 19950417  |g psbo 
801 1 |a RU  |b 63413507  |c 20140124 
801 2 |a RU  |b 63413507  |c 20140512  |g RCR 
942 |c BK